Diseño de una estructura de pavimento flexible y diseño geométrico de la vía, aproximadamente de 679.61ml, en el barrio El Edén, Ciudad Darío
Presenta un diseño de una estructura de pavimento flexible y diseño Geométrico de la vía, aproximadamente de 679.61ml, en el barrio El Edén, Ciudad Darío. En este estudio, comprende la información y los criterios para el diseño de pavimento flexible. Se presentan algunos conceptos básicos,...
| Main Authors: | , , |
|---|---|
| Other Authors: | |
| Format: | Tesis Section = Libro |
| Language: | Undetermined Spanish |
| Published: |
Managua
UNI
2007
|
| Subjects: |
| LEADER | 01515nam a2200313Ia 4500 | ||
|---|---|---|---|
| 008 | 240830s9999 xx 000 0 und d | ||
| 040 | |a BIBLIOTECA-RUPAP T.Mon 625.8 G216 | ||
| 041 | |a spa | ||
| 082 | |a T.Mon 625.8 G216 | ||
| 100 | 1 | |a García Briceño, Sergio David | |
| 100 | 1 | |b Estrada Paguaga, Ricardo Vladimir | |
| 100 | 1 | |c Hernández Morraz, Willy Jonathan | |
| 245 | 1 | 0 | |a Diseño de una estructura de pavimento flexible y diseño geométrico de la vía, aproximadamente de 679.61ml, en el barrio El Edén, Ciudad Darío |
| 260 | |a Managua |b UNI |c 2007 | ||
| 300 | |a 26 p. :il. | ||
| 500 | |a Contiene: anexos. | ||
| 502 | |a Tesis (Ingeniero Civil)- UNI, 2007. | ||
| 520 | 3 | |a Presenta un diseño de una estructura de pavimento flexible y diseño Geométrico de la vía, aproximadamente de 679.61ml, en el barrio El Edén, Ciudad Darío. En este estudio, comprende la información y los criterios para el diseño de pavimento flexible. Se presentan algunos conceptos básicos, así como las especificaciones o referencias que se deben de tomar para la elección de ciertas variables que son de importancia para el diseño. | |
| 650 | 7 | |a PAVIMENTOS | |
| 650 | 7 | |b PAVIMENTOS FLEXIBLES | |
| 650 | 7 | |c PAVIMENTOS- DISEÑO Y CONSTRUCCIONES | |
| 650 | 7 | |e CALLES -MANTENIMIENTO Y REPARACIÓN | |
| 650 | 7 | |f GEOTECNIA VIAL | |
| 650 | 7 | |g ESTUDIO DE SUELOS | |
| 650 | 7 | |h PAVIMENTOS DE ASFALTO | |
| 700 | 1 | |a Tutor: |b Morales Urbina, Israel | |
| 942 | |c BK |2 ddc | ||
| 991 | |a TESIS | ||
| 999 | |c 18212 | ||